000 00372nam a2200121Ia 4500
008 241015s9999 xx 000 0 und d
041 _aeng
082 _a005.5 LIO
100 _aLionell
245 _aFrom Data To Stories : An End To End Guide To Storytelling With Data Comics For The Absolute Beginner
260 _bWiley India
_aNew Delhi
_c2021
300 _a102;. P. 23 cm
999 _c41873
_d41873